000 00370nam a2200133Ia 4500
008 240624s9999 xx 000 0 und d
041 _aeng
082 _a338.9 CHA
100 _aCHANG HA JOON
245 _aINSTITUTIONAL CHANGE AND ECONOMIC DEVELO
260 _c2007
_aTokyo
_bUnited Nations University Press
300 _axxii, : 305 : p. : cm. ; 23
365 _cBPS
_b25
999 _c10837
_d10837